| 000 | 00476nam a2200193Ia 4500 | ||
|---|---|---|---|
| 003 | OSt | ||
| 005 | 20260128115957.0 | ||
| 008 | 210210b1928 xxu||||| |||| 00| 0 eng d | ||
| 040 | _cAL | ||
| 041 | _aKannda | ||
| 082 | _a853/519 | ||
| 100 |
_aSHRI SHIVA _dಶ್ರೀ ಶಿವ _9252950 |
||
| 245 |
_aTapobala _bತಪೋಬಲ |
||
| 260 |
_aBengaLUru _b- _c1928 |
||
| 650 |
_aTapObala _9252951 |
||
| 690 |
_aKannada Drama _9252952 |
||
| 906 | _a019789 | ||
| 942 |
_2ddc _cBK |
||
| 999 |
_c143934 _d143934 |
||